La caza en España
محفوظ في:
| المؤلف الرئيسي: | |
|---|---|
| التنسيق: | كتاب |
| اللغة: | الإسبانية |
| منشور في: |
Madrid
Alianza
1972
|
| سلاسل: | El Libro de Bolsillo. Sección Literatura
|
| الموضوعات: | |
| الوسوم: |
إضافة وسم
لا توجد وسوم, كن أول من يضع وسما على هذه التسجيلة!
|
MARC
| LEADER | 00000nam a2200000 a 4500 | ||
|---|---|---|---|
| 001 | UCT6732 | ||
| 003 | CL-VaPUC | ||
| 008 | 970113e19720000SP |||||||||||||||||spa|d | ||
| 082 | 0 | 4 | |a 864 |b DEL |2 21 |
| 100 | 0 | |a Delibes, Miguel |e author |9 313774 | |
| 245 | 1 | 3 | |a La caza en España |
| 300 | |a 143 p | ||
| 942 | |c BK | ||
| 945 | |d 19970113 00:00:00 |a nastorga | ||
| 260 | |a Madrid |b Alianza |c 1972 | ||
| 650 | 0 | |a Ensayos españoles |9 313128 | |
| 650 | 7 | |a CAZA |2 CL-VaPUC |9 342895 | |
| 650 | 7 | |a EXTINCION BIOLOGICA |2 CL-VaPUC |9 376974 | |
| 651 | 0 | |a España |9 254926 | |
| 583 | |a last modification |c 19970113 00:00:00 |k Rodrigo Vera | ||
| 490 | 0 | |a El Libro de Bolsillo. Sección Literatura | |
| 999 | |c 255409 |d 255407 | ||
| 952 | |0 0 |1 0 |4 0 |6 864_000000000000000_DEL_1972 |7 0 |8 A |9 277635 |a BIBEDU |b BIBEDU |d 2019-11-19 |i 3272338 |o 864 DEL 1972 |p 3272338 |r 2019-11-19 |w 2019-11-19 |y BK |k LIT | ||